Analýza implementácie franchisingovej licencie v oblasti služieb diplomová práca

Salvato in:
Dettagli Bibliografici
Autore principale: Kuriľák, Stanislav
Ente Autore: Podnikovohospodárska fakulta EU so sídlom v Košiciach. Katedra manažmentu
Altri autori: Dugas, Jaroslav, 1967-
Natura: Libro
Lingua:slovacco
Pubblicazione: Košice 2013
Tags: Aggiungi Tag
Nessun Tag, puoi essere il primo ad aggiungerne!!

MARC

LEADER 00000nbm a2200000 4500
001 0170411
005 20161109102343.9
041 0 |a slo 
044 |a SK 
245 1 0 |a Analýza implementácie franchisingovej licencie v oblasti služieb  |b diplomová práca  |c Stanislav Kurilak ; školiteľ: Jaroslav Dugas 
264 1 |a Košice  |c 2013 
300 |a 64 s. 
100 1 |a Kuriľák, Stanislav 
700 1 |a Dugas, Jaroslav, 1967- 
710 2 |a Podnikovohospodárska fakulta EU so sídlom v Košiciach. Katedra manažmentu